| 000 | 02282nam a2200481 c 4500 | ||
|---|---|---|---|
| 999 |
_c152268 _d152268 |
||
| 003 | BLK | ||
| 005 | 20240731163625.0 | ||
| 008 | 180410b bul|||||r ||||||| ||bul|| | ||
| 010 | _aKNG00158728000 | ||
| 040 | _aBLK | ||
| 041 |
_aBUL _cBUL |
||
| 072 | 7 |
_2bullib _aК _xКраезнание |
|
| 080 |
_aКомунистически партии. Вж и 327.323 _b329.15 _x(497.215)БКП(084) _z329.15(497.215)БКП(084) |
||
| 139 |
_aИванов, Петър и др. _bИ 21 |
||
| 245 | 1 | 0 |
_aТворец на революционния опит, ръководител на съзидателния устрем _b90 г. Русенска парт. орг. 1896 - 1986 : Албум _cавт.-състав. Петър Иванов; авт.-състав. Надя Стоянова; авт.-състав. Румян Ганчев; ред. Петър Терзийски; худож. Тотю Данов; худож. Александър Хачатурян. |
| 257 | _aBGR | ||
| 260 |
_bПартиздат _c1986 _fРусе : печ. Дунав _aСофия |
||
| 300 |
_a168 с. _bс ил., портр., факс. _c30 см |
||
| 380 | _a3 | ||
| 500 | _aАвт. не са отбелязани в библиогр. каре. - 2 700 тир. | ||
| 650 | 4 |
_aБКП - партийни организации _9331199 |
|
| 650 | 4 |
_aБКП - Русе _9330920 |
|
| 651 | 4 |
_aБългария _9241624 |
|
| 651 | 4 |
_aРусе _9179462 |
|
| 653 | _aБКП | ||
| 653 | _aистория | ||
| 653 | _aпартийни организации | ||
| 653 | _aРусе | ||
| 659 | _aК | ||
| 700 | 1 |
_aИванов, Петър _970999 |
|
| 700 |
_aСтоянова, Надя Иванова _qСтоянова, Надка Иванова _9331728 |
||
| 700 |
_aГанчев, Румян Стоилов _9273663 |
||
| 700 | 1 |
_aТерзийски, Петър _eред. _9331729 |
|
| 700 | 1 |
_aДанов, Тотю _eхудож. _9331730 |
|
| 700 | 1 |
_aХачатурян, Александър _eхудож. _9317042 |
|
| 852 |
_aЦб II 26809 _bЦб |
||
| 852 | _aК 329 И 21 | ||
| 942 |
_cKNG _n0 _s1 |
||
| 944 |
_aCR _c26.03.2014 _lГеновева Генчева _k30560 |
||
| 944 |
_aED _c26.03.2014 _l26.03.2014 - от С1,Р / 26.03.2014 |
||
| 999 | _d152268 | ||
| 999 | _d152268 | ||